Diccionario razonado de legislación comercial /
Guardado en:
| Autor Principal: | |
|---|---|
| Formato: | Libro |
| Idioma: | Spanish |
| Publicado: |
Buenos Aires :
Occidental Business Agency,
1940
|
| Materias: | |
| Etiquetas: |
Agregar Etiqueta
Sin Etiquetas, Sea el primero en etiquetar este registro!
|
| LEADER | 00422nam a22001335a 4500 | ||
|---|---|---|---|
| 001 | DER.der001129 | ||
| 008 | 180615s1940####ag#||||||||||||||#||spa|| | ||
| 005 | 20251114154024.0 | ||
| 245 | 1 | 0 | |a Diccionario razonado de legislación comercial / |c Luis P. Ratti |
| 260 | |a Buenos Aires : |b Occidental Business Agency, |c 1940 | ||
| 300 | |a 539 p. | ||
| 100 | 1 | |a Ratti, Luis P. | |
| 650 | 7 | |a DICCIONARIOS | |
| 859 | |a DERECHO |b BIB. DERECHO |h 340.03 |i RAT |p 002302 | ||
